000 00212nam a2200109Ia 4500
100 _a#N/A
942 _cBK
654 _ams windows
245 _aMS Windows CE. NET 4.2
260 _b#N/A
_c2004
546 _aENGLISH
999 _c22650
_d22650